000 00726cam a2200157 4500500
005 20260111090704.0
041 _afre
042 _adc
100 1 0 _aMambrino, Jean
_eauthor
245 0 0 _aExpositions
260 _c2003.
500 _a13
520 _aRésuméLes Français pensent encore majoritairement que l’Eglise est riche (52 %). Cette perception puise sans doute sa source essentielle dans l’histoire, avec la grande richesse matérielle qu’a pu connaître l’Eglise par le passé. Cette opinion est bien éloignée de la réalité.
786 0 _nÉtudes | 399 | 12 | 2003-12-01 | p. 682-687 | 0014-1941
856 4 1 _uhttps://shs.cairn.info/revue-etudes-2003-12-page-682?lang=fr&redirect-ssocas=7080
999 _c1619380
_d1619380